| 000 | 00630nam a22002057a 4500 | ||
|---|---|---|---|
| 999 |
_c3782 _d3782 |
||
| 003 | AR-CdUCM | ||
| 008 | 190307b ||||| |||| 00| 0 spa d | ||
| 040 |
_aMUNICIPALIDAD PROVINCIAL DEL CUSCO _cBIBLIOTECA MUNICIPAL DEL CUSCO |
||
| 082 |
_a869.50 / _bG16 |
||
| 100 |
_aGallegos , Rómulo _9251 |
||
| 245 | _aDoña Bárbara / | ||
| 260 |
_aLima : _bJuan Mejía Baca & P. L. Villanueva, Editores, |
||
| 300 |
_a2 tomos ; _c16 cm. |
||
| 505 | _aContenido :Novela Venezolana / | ||
| 650 |
_aNovelas venezolanas _910214 |
||
| 650 |
_aNovelas de costumbres _9168 |
||
| 650 |
_aSiglo XX _98 |
||
| 942 |
_2ddc _cLIBROS |
||
| 945 | _arjall | ||